Vietnam-visa - Statistics

Yleistilastot
  • Tätä visaa on pelattu 406 kertaa
  • Keskiarvotulos 11 / 20
Vastaustilastot
Vihje Vastaus % Oikein
Naapurimaat Kiina
94%
Naapurimaat Laos
92%
Pääkaupunki Hanoi
91%
Naapurimaat Kambodža
90%
Perusviljelykasvi Riisi
83%
Toiseksi yleisin uskonto "vietnamilaisten kansanuskontojen" jälkeen Buddhalaisuus
79%
Ainoa puolue {Kommunistinen} puolue
75%
Vietnamin kolonisoinut valtio Ranska
72%
Väkirikkain kaupunki Ho Chí Minhin kaupunki
65%
Minkä tyyppinen ruoka on pho? Keitto
58%
Niemimaa, jolla Vietnam sijaitsee Indokiina
57%
Ylläolevan entinen nimi Saigon
55%
Suuri joki, joka laskee mereen eteläisessä Vietnamissa Mekong
53%
Yhdysvaltoja vastaan taistellut etelävietnamilainen kapinallisjoukko Vietkong
49%
Sukunimet, jotka ovat lähes puolella väestöstä Nguyen
42%
Valuutta Dong
29%
Vietnamilainen uusivuosi Tet
21%
Pääkaupunki läpi virtaava joki {Punainen}joki
20%
Sukunimet, jotka ovat lähes puolella väestöstä Tran
14%
Noin 2000 pienestä saaresta koostuva kuvankaunis lahti {Halongin}lahti
13%
Ehtoja vastaavia visoja ei löytynyt
Tulosjakauma
Jokaisen tuloksen saaneiden osuus
Persentiili vastausten määrän mukaan
Tuloshistoriasi
Et ole pelannut tätä visaa